Design of functional pavements (Record no. 547665)

000 -LEADER
fixed length control field 00520cam a2200169 4500
020 ## - INTERNATIONAL STANDARD BOOK NUMBER
International Standard Book Number 0070722439
082 00 - DEWEY DECIMAL CLASSIFICATION NUMBER
Classification number 625.8
Author Mark YAN
-- L-14, P-128
100 1# - MAIN ENTRY--PERSONAL NAME
Personal name Yang, Nai C.,
9 (RLIN) 43811
245 10 - TITLE STATEMENT
Title Design of functional pavements
Statement of responsibility, etc. [by] Nai C. Yang.
260 ## - PUBLICATION, DISTRIBUTION, ETC.
Place of publication, distribution, etc. New York,
Name of publisher, distributor, etc. McGraw-Hill
Date of publication, distribution, etc. [1972]
300 ## - PHYSICAL DESCRIPTION
Extent x, 467 p.
Other physical details illus.
Dimensions 24 cm.
526 ## - STUDY PROGRAM INFORMATION NOTE
Program name 0
Interest level 0
Reading level 0
Title point value 625_800000000000000_YAN
526 ## - STUDY PROGRAM INFORMATION NOTE
Program name 0
Interest level 0
Reading level 0
Title point value 625_800000000000000_YAN
650 #0 - SUBJECT ADDED ENTRY--TOPICAL TERM
Topical term or geographic name entry element MCE
9 (RLIN) 379
650 #0 - SUBJECT ADDED ENTRY--TOPICAL TERM
Topical term or geographic name entry element Pavements
General subdivision Design and construction.
9 (RLIN) 916
942 ## - ADDED ENTRY ELEMENTS (KOHA)
Source of classification or shelving scheme
Koha item type Book
Holdings
Withdrawn status Lost status Source of classification or shelving scheme Damaged status Not for loan Permanent Location Current Location Date acquired Total Checkouts Full call number Barcode Date last seen Price effective from Koha item type
          Military College of Engineering (MCE) Military College of Engineering (MCE) 07/25/2014   625.8 YAN MCE-9587 07/25/2014 07/25/2014 Book
          Military College of Engineering (MCE) Military College of Engineering (MCE) 07/25/2014   625.8 YAN MCE-33521 07/25/2014 07/25/2014 Book
© 2023 Central Library, National University of Sciences and Technology. All Rights Reserved.